Central Library OPAC University of Rajshahi

Islamic pottery and Italian maiolica : (Record no. 76708)

MARC details
000 -LEADER
fixed length control field 00937cam a2200301 a 4500
001 - CONTROL NUMBER
control field 76708
003 - CONTROL NUMBER IDENTIFIER
rucl marc code BD-RjUL
005 - DATE AND TIME OF LATEST TRANSACTION
control field 20211209082857.0
008 - FIXED-LENGTH DATA ELEMENTS--GENERAL INFORMATION
fixed length control field 200115s1959 enkaf 001 0 eng d
035 ## - SYSTEM CONTROL NUMBER
System control number (BD-RjUL)76932
System control number 2481910
040 ## - CATALOGING SOURCE
Original cataloging agency SUSA
Language of cataloging eng
Transcribing agency SUSA
041 ## - LANGUAGE CODE
Language code of text/sound track or separate title eng
043 ## - GEOGRAPHIC AREA CODE
Geographic area code e-it---
-- a------
-- f------
082 04 - DEWEY DECIMAL CLASSIFICATION NUMBER
Classification number 738.370945
Edition number 19
Author mark and year RAI 1959
100 1# - MAIN ENTRY--PERSONAL NAME
Personal name Rackham, Bernard,
Dates associated with a name 1876-
9 (RLIN) 237453
245 10 - TITLE STATEMENT
Title Islamic pottery and Italian maiolica :
Remainder of title illustrated catalogue of a private collection /
Statement of responsibility, etc. by Bernard Rackham.
260 ## - PUBLICATION, DISTRIBUTION, ETC. (IMPRINT)
Place of publication, distribution, etc. London :
Name of publisher, distributor, etc. Faber,
Date of publication, distribution, etc. c1959.
300 ## - PHYSICAL DESCRIPTION
Pagination xii, 152 p., 232 p. of plates :
Illustrations ill. (some col.) ;
Size 26 cm.
500 ## - GENERAL NOTE
General note Includes index.
650 #0 - SUBJECT ADDED ENTRY--TOPICAL TERM
Topical term or geographic name as entry element Pottery, Italian.
9 (RLIN) 237454
Topical term or geographic name as entry element Majolica, Italian.
9 (RLIN) 237455
Topical term or geographic name as entry element Islamic pottery.
9 (RLIN) 237456
Topical term or geographic name as entry element Majolica, Islamic.
9 (RLIN) 237457
942 ## - ADDED ENTRY ELEMENTS (KOHA)
Source of classification or shelving scheme Dewey Decimal Classification
Koha item type Books
Holdings
Lost status Source of classification or shelving scheme Damaged status Not for loan Collection code Permanent Location Current Location Shelving location Date acquired Source of acquisition Total Checkouts Full call number Date last seen Copy number Koha item type
  Dewey Decimal Classification   Not For Loan Non-fiction Central Library, University of Rajshahi Central Library, University of Rajshahi Reading Room 24/05/1964 Zeitlinger   738.370945 RAI 1959 13/01/2020 C-1 Books